000 00734nam a22002177a 4500
005 20150519124655.0
010 _aENG-112678
020 _c90.00
_a9788123763354
035 _aEN-96210
037 _bDBAD/PUB
082 _a627.80954
100 _aBharati, Radha Kant
245 0 0 _aModern temples of India /
_cby Radha Kant Bharati
_b
260 _aNew Delhi
_bNational Book Trust
_c2012
270 _aNehru Bhawan, 5 Institutional Area, Phase-ll Vasant Kunj
_bNew Delhi
_e110070
300 _aix,173p, 4 pages of plates.:
_c22cm(pbk)
_bill.
490 _aIndia--the land and the people
500 _aIncludes bibliographical references
650 _aDams
_zIndia
_xHistory.
942 _2ddc
_cEN
_mBHA
_h627.80954
999 _c92916
_d92916